Statistics for Movies Per Year

Click here to take the quiz!

General Stats

  • This quiz has been taken 19 times
  • The average score is 43 of 101

Answer Stats

YearHintAnswer% Correct
2009This movie becomes the highest-grossing movie ever.Avatar
81%
2018T'Challa is crowned king of Wakanda.Black Panther
75%
2005Complex romantic relationship between two American cowboys, Ennis Del Mar and Jack Twist.Brokeback Mountain
75%
2001A young wizard's first year at wizardry school.Harry Potter and the Sorcerer's Stone
75%
1981Harrison Ford plays a globe-trotting archeologist in search of a relic.Raiders of the Lost Ark
75%
1972Italian-American crime family of Vito Corleone.The Godfather
75%
1988A twelve-year-old boy is an adult overnight.Big
69%
2021A war for the deadly and inhospitable desert planet Arrakis.Dune
69%
1975Jack Nicholson who plays a new patient at a mental institution.One Flew Over the Cuckoo's Nest
69%
1979"I love the smell of napalm in the morning."Apocalypse Now
63%
1978Michael Myers escapes and returns to his hometown.Halloween
63%
2015Joy, sadness, fear, disgust, and anger.Inside Out
63%
1976A small-time club fighter gets a shot at the world heavyweight championship.Rocky
63%
1986Four boys search for the dead body of a missing boy.Stand by Me
63%
1939“Toto, I've a feeling we're not in Kansas anymore.”The Wizard of Oz
63%
1968Astronauts and the sentient supercomputer HAL travel to Jupiter to investigate an alien monolith.2001: A Space Odyssey
56%
1942This fawn watches his mother get killed by a hunter.Bambi
56%
1943Ilsa walks into Rich's Cafe.Casablanca
56%
1941Rosebud.Citizen Kane
56%
2020Anya Taylor-Joy stars as the titular Jane Austen character.Emma
56%
1996A pregnant Minnesota police chief investigates roadside homicides.Fargo
56%
2004"On Wednesdays we wear pink."Mean Girls
56%
1980A middleweight boxer's self-destructive and obsessive rage destroys his relationship with his wife and family.Raging Bull
56%
1983Tom Cruise slides across the floor in socks and a button-up to "Old Time Rock & Roll."Risky Business
56%
1991Two friends drive their car off the Grand CanyonThelma & Louise
56%
1962Atticus Finch defends a Black man falsely accused of rape.To Kill a Mockingbird
56%
1992"You can't handle the truth."A Few Good Men
50%
1951Marlon Brando screams "Stella!"A Streetcar Named Desire
50%
1964A phonetics professor thinks he can transform a Cockney working-class girl into a passing high society lady.My Fair Lady
50%
1954An injured news photographer believes he has witnessed a murder.Rear Window
50%
1952Gene Kelly swings around a streetlamp.Singin' in the Rain
50%
1973Young Regan starts acting odd, levitating and speaking in tongues.The Exorcist
50%
1987A farmhand named Westley, accompanied by companions befriended along the way, must rescue his true love Princess Buttercup.The Princess Bride
50%
1965Julie Andrews is a governess for the Von Trapps.The Sound of Music
50%
2008Bella Swan moves to Forks, Washington.Twilight
50%
1930This book about World War I gets adapted into a movie of the same name.All Quiet on the Western Front
44%
1984A rivalry between Mozart and Italian composer Antonio Salieri.Amadeus
44%
1977Alvy Singer tries to figure out why his relationship with the eponymous female lead failed.Annie Hall
44%
1959A chariot driver in the 1st century.Ben-Hur
44%
1997A young nightclub dishwasher becomes a popular star of pornographic films.Boogie Nights
44%
1961Audrey Hepburn plays Holly Golightly in this adaption from a Truman Capote.Breakfast at Tiffany's
44%
2022This icon told from the perspective of his controlling manager.Elvis
44%
2017A high school senior's strained relationship with her mother in the early 2000s.Ladybird
44%
2003A fading American movie stars now does commercials in Tokyo, where he meets a young married woman.Lost in Translation
44%
1990An obsessive fan holds an author captive and forces him to rewrite the finale to his book series.Misery
44%
2016This movie actually won Best Picture.Moonlight
44%
1960A group of friends plan casino heists on New Year's Eve.Ocean's 11
44%
2012All-girl a cappella group, the Barden Bellas, compete to win Nationals.Pitch Perfect
44%
1955A troublemaking boy played by James Dean.Rebel Without a Cause
44%
2010"You don't get 500 million friends without making a few enemies."The Social Network
44%
1956Charlton Heston plays Moses.The Ten Commandments
44%
2013The f-word is said 506 times in this movie.The Wolf of Wall Street
44%
2014A jazz drummer is pushed to his limit by his abusive instructor.Whiplash
44%
1957A jury deliberates the verdict of a murder case.12 Angry Men
38%
2000A high school cheerleading captain finds out the previous captain stole cheers from another school.Bring It On
38%
1967"What we've got here is failure to communicate."Cool Hand Luke
38%
1982This film chronicles a school year in the lives of sophomores in San Fernando Valley.Fast Times at Ridgemont High
38%
1931Boris Karloff plays this doctor's monster for the first time.Frankenstein
38%
1993A teenaged boy inadvertently resurrects a trio of witches.Hocus Pocus
38%
1970"Love means never having to say you're sorry."Love Story
38%
1935Shipman revolt against their captain.Mutiny on the Bounty
38%
1922Influential silent German Expressionist horror film totally not based on Dracula.Nosferatu
38%
1989A teenaged boy stands outside the window of his ex-girlfriend playing "In Your Eyes" out of a boombox.Say Anything
38%
1971Five golden tickets hidden inside chocolate bar wrappers.Willy Wonka & the Chocolate Factory
38%
1950An aspiring actress uses a Broadway star in order to gain fame.All About Eve
31%
1949The rise and fall of a corrupt governor.All the King's Men
31%
1995Emma is adapted to modern-day Beverly Hills.Clueless
31%
1994Charles, played by Hugh Grant, and his circle of friends through a number of social occasions as they each encounter romance.Four Weddings and a Funeral
31%
1999A young woman who, after a suicide attempt, spends 18 months at a psychiatric hospital between 1967 and 1968.Girl, Interrupted
31%
1923A bellringer named Quasimodo.Hunchback of Notre Dame
31%
2019A detective investigating the death of the patriarch of a wealthy, dysfunctional family.Knives Out
31%
2007A drunken one night stand leads to an unwanted pregnancy.Knocked Up
31%
2006A family takes the youngest to compete in a child beauty pageantLittle Miss Sunshine
31%
1969"I'm walkin' here!"Midnight Cowboy
31%
1947Letters to Santa are brought into a courtroom.Miracle on 34th Street
31%
1936Little Tramp works in a factory.Modern Times
31%
1940The second Mrs. de Winter is haunted by the first Mrs. de Winter.Rebecca
31%
1937The first full-length animated feature film.Snow White and the Seven Dwarves
31%
1946Fred, Al and Homer return home from World War II.The Best Years of Our Lives
31%
1958Gelatinous alien life form engulfs everything it touches.The Blob
31%
1985This movie is based of the Alice Walker novel of the same name.The Color Purple
31%
1927First Best Picture winner and the only fully silent film winner.Wings
31%
1938Cary Grant, Katherine Hepburn, and a pet leopard.Bringing Up Baby
25%
1944This film noir classic is named for a clause in an insurance policy.Double Indemnity
25%
1953"Diamonds Are a Girl's Best Friend"Gentlemen Prefer Blondes
25%
1934A runaway heiress and cynical reporter fall in love while traveling.It Happened One Night
25%
1925Lon Chaney haunts Palais Garnier.Phantom of the Opera
25%
1998A group of soldiers searches for the last surviving brother of four, the three other brothers having been killed in action.Saving Private Ryan
25%
1974Former NFL player recruiting a group of prisoners and playing football against their guardsThe Longest Yard
25%
1945An alcoholic writer visits his brother.The Lost Weekend
25%
1948Explorers head to Mexico to find gold.The Treasure of Sierra Madre
25%
2011A recently separated man is taught how to pick up women at bars.Crazy, Stupid, Love
19%
1926John Barrymore kisses 127 times as this romancer.Don Juan
19%
1932Greta Garbo, Joan Crawford, Lionel and John Barrymore star in this Best Picture winner.Grand Hotel
19%
1963Sidney Poitier becomes the first Black winner of Best Actor for this film.Lilies of the Field
19%
1933The literary March sisters make their talkie debut in the first of many adaptions.Little Women
19%
1966Elizabeth Taylor and Richard Burton play Martha and George.Who's Afraid of Virginia Woolf?
19%
2002"Promise you won't fall in love with me."A Walk to Remember
13%
1929This musical is the first to have a technicolor sequence.Broadway Melody
13%
1924Buster Keaton plays a wannabe detective.Sherlock Jr.
13%
1928Janet Gaynor plays a prostitute winning the first Best Actress Oscar.Street Angel
13%

Score Distribution

Percentile by Number Answered

Percent of People with Each Score

Your Score History

You have not taken this quiz